| 000 | 00475nam a2200145 4500 | ||
|---|---|---|---|
| 999 |
_c4998 _d4998 |
||
| 008 | 150907b xxu||||| |||| 00| 0 eng d | ||
| 020 | _a00618348824 | ||
| 050 | _aB 105 .T54 2004 | ||
| 100 | _aChaffee, John | ||
| 245 |
_aThinking critically : _b a concise guide _cJohn Chaffee |
||
| 260 |
_aBoston : _bHoughton Mifflin Co., _c©1988. |
||
| 300 | _axvii, 328p.: | ||
| 504 | _aIncludes index. | ||
| 650 | _aThought and thinking | ||
| 942 |
_2lcc _cBOOKS _hB 105 .T54 2004 _09 |
||